Statistiche per Città del Mondiale Italia 1934

Clicka qui per fare il quiz!

Statistiche generali

  • Questo quiz è stato fatto 20 volte
  • Il punteggio medio è 7 su 8

Statistiche sulle risposte

Risposta% Corretto
Milano
100%
Roma
100%
Torino
100%
Bologna
94%
Firenze
94%
Napoli
94%
Genova
88%
Trieste
76%

Distribuzione punteggi

Percentile per numero di risposta

Percentuale di utenti per punteggio

I tuoi punteggi nel tempo

Non hai fatto questo quiz